000 01197cam a22002413a 4500
001 35449
003 PGUSA
005 20140828083750.0
008 110301s2011||||xxu|||||s|||||000 | eng d
040 _aPGUSA
_beng
042 _adc
050 4 _aE151
100 1 _aLove, John L.
245 1 4 _aThe Negro and the elective franchise. A Series Of Papers And A Sermon
_h[electronic resource] /
_cJohn L. Love
260 _bProject Gutenberg,
_c2011
505 0 _aThe meaning and need of the movement to reduce southern representation / A. H. Grimké -- The penning of the Negro; the Negro vote in the states of the revised constitutions / C. C. Cook -- The Negro vote in the states whose constitutions have not been specifically revised / J. Hope -- The potentiality of the Negro vote, North and West / John L. Love -- Migration and distribution of the Negro population, as affecting the elective franchise / Kelly Miller -- The Negro and his citizenship / F. J. Grimké.
506 _aPublic domain in the USA.
516 _aElectronic text
653 _aAfrican Americans -- Suffrage
830 0 _aProject Gutenberg
_v35449
856 4 0 _uhttp://www.gutenberg.org/ebooks/35449
942 _cEB
999 _c264704
_d264704